000 00398nam a2200145 i 4500
001 24856
003 ES-MaACL
005 20230906153139.0
007 t|
008 021219s1956 sp ||||1| spa d
245 0 0 _aAntología de la poesía reusenca
_b: 1956.
260 _a[S.l.] :
_bReus,
_c[1956] (
_fDiana Artes Gráficas)
300 _a70 p. ;
_c18 cm.
852 _aES-MaACL
_j1998-F-14
_bR.19829
999 _c24856
_d24856